| 000 | 00514nam a2200193 a 4500 | ||
|---|---|---|---|
| 001 | 1768117515700 | ||
| 003 | YourLibrary | ||
| 005 | 20260112125814.0 | ||
| 008 | 260111s1984##################000#0#eng## | ||
| 020 | _a9780521318624 | ||
| 082 | 0 | 4 |
_a302.2242 _bATK |
| 100 | 1 |
_aAtkinson, J. Maxwell, _eauthor. |
|
| 245 | 1 | 0 | _aStructures of Social Action : |
| 260 |
_bCambridge University Press, _c1984. |
||
| 300 | _a468 pages | ||
| 650 | 0 | _aHistory. | |
| 942 | _cENGLISH | ||
| 040 |
_aYourLibrary _beng _cYourLibrary |
||
| 999 |
_c608264 _d608264 |
||